000 00543cam a2200169 4500
008 140325n 000 0 eng u
020 _a9780314189882
035 _a(Sirsi) a182998
050 _aKF 9618 BAS 2008
245 _aBasic criminal procedure :
_bcases, comments and questions /
_cby Yale Kamisar...[et al.]
250 _a12th ed.
260 _aSt. Paul, MN :
_bThomson,
_c2008.
300 _axi, 965 p.
440 _aAmerican casebook series
504 _aCriminal procedure - United States - Cases.
650 _aKamisar, Yale
999 _c120907
_d120907